Zmena v marketingovej komunikácii firmy - dopad pandémie bakalárska práca

Gespeichert in:
Bibliographische Detailangaben
1. Verfasser: Šumichrast, Tomáš
Körperschaft: Podnikovohospodárska fakulta EU so sídlom v Košiciach. Katedra obchodného podnikania
Weitere Verfasser: Gajdoš, Jozef, 1962-2025
Format: Buch
Sprache:Slowakisch
Veröffentlicht: Košice 2022
Tags: Tag hinzufügen
Keine Tags, Fügen Sie das erste Tag hinzu!

MARC

LEADER 00000nbm a2200000 4500
001 0287376
005 20230428113358.6
041 0 |a slo 
044 |a SK 
245 1 0 |a Zmena v marketingovej komunikácii firmy - dopad pandémie  |b bakalárska práca  |c Tomáš Šumichrast ; školiteľ: Jozef Gajdoš 
264 1 |a Košice  |c 2022 
300 |a 51 s. 
100 1 |a Šumichrast, Tomáš 
700 1 |a Gajdoš, Jozef, 1962-2025 
710 2 |a Podnikovohospodárska fakulta EU so sídlom v Košiciach. Katedra obchodného podnikania